000 00575nam a2200181Ia 4500
005 20250508162445.0
008 008 250505s9999 xx 000 0 eng d
037 _aTextual
040 _aFEDL
_beng
_cFEDL
041 _aeng
_2eng
084 _a304.607, UNE
_qFEDL
245 0 _aTraining in out-of-school population education
260 _aBangkok, Thailand
_bUNESCO Regional Office for Education in Asia and the Pacific
_c1982
300 _a81p.
490 _aAbstract-Bibliography Series 3
942 _cTEXL
_h304.607, UNE
999 _c1376667
_d1376667